| 000 | 01021cam a2200241 4500 | ||
|---|---|---|---|
| 001 | ABS67758 | ||
| 008 | 040423n2004 000 0 eng u | ||
| 035 | _a(Sirsi) u125939 | ||
| 100 | _aHill, K. | ||
| 245 | _aReturn to professional pride | ||
| 260 | _c2004 | ||
| 490 |
_aPlanning (for the Natural and Built Environment) _v(1563) 2 April 2004, 2(1) |
||
| 520 | _aExplains government policy on planning outlining its commitment to sustainable development, spatial planning and community planning. "Consultation paper on Planning Policy Statement (PPS) 1 : creating sustainable communities" (J125501) and "Community involvement in planning: the government's objectives" (J125502) outline the government's views on these themes. Closing date for consultation is 21 May 2004. | ||
| 590 | _aABS | ||
| 590 | _aABS | ||
| 650 | _aPPS1 | ||
| 650 | _aPLANNING POLICY | ||
| 650 | _aCOMMUNITIES PLAN | ||
| 650 | _aPLANNING GUIDANCE | ||
| 650 | _aCOMMUNITY INVOLVEMENT | ||
| 690 | _aPLANNING-PRACTICE | ||
| 942 | _n0 | ||
| 999 |
_c117237 _d117237 |
||